000 00652nam a22001817a 4500
999 _c62713
_d62713
003 Ge_BSU
005 20250129112243.0
008 250129s2022 ge ||||| |||| 00| 0 geo d
041 _ageo
080 _a821.353.1-09 ხ-12
100 _aხაბაზი, ამირან
_924164
245 _aთამარ ივერიელი :
_b(ისტორიული რომანი) /
_cამირან ხაბაზი.
264 _aბათუმი,
_c2022.
300 _a282 გვ. ;
_b21 სმ.
653 _aისტორიული რომანი
773 _tნაჩუქარი
942 _2udc
_cᲬᲘᲒᲜᲘ